000 01526nam0a2200373 4500
001 RU\NLR\bibl\1279085
005 20260407065141.0
010 _a978-5-17-044743-5
_bАСТ)(Хрест. школ.-2
010 _a978-5-271-16878-9
_bАстрель
010 _a978-5-17-044744-2
_bАСТ)(Хлест. школ.(м)
010 _a978-5-271-16879-6
_bАстрель
010 _a978-5-17-044745-9
_bЛюбим. чтение
010 _a978-5-271-16880-2
_bАстрель
_92500
021 _aRU
_b2008-62676
_93548
035 _a(NLR Aleph) 001264878
090 _a402302
_c402302
100 _a20080929d2008 |||y0rusy50 ca
101 1 _arus
_cswe
102 _aRU
105 _aa |||||||||
200 1 _aПеппи Длинныйчулок
_eповесть-сказка
_e[для среднего школьного возраста]
_fАстрид Линдгрен
_g[пер. со швед. Л. Лунгиной
_gил. И. Ванг Нюман]
210 _aМосква
_cАстрель
_cАСТ
_d2008
215 _a469, [1] с.
_cил.
_d20
225 1 _aХрестоматия школьника
686 _aШ9(4Шв)62-4
700 1 _4070
_8rus
_7ca
_aЛиндгрен
_bА.
_f1907-2002
_gАстрид
_3RU\NLR\AUTH\7715976
_9125621
702 1 _4040
_8rus
_7ca
_aВанг Нюман
_bИ.
_f1916-1959
_gИнгрид
_3RU\NLR\AUTH\7760340
_943271
801 0 _aRU
_bNLR
_c20080929
_gRCR
801 1 _aRU
_bNLR
_c20080929
942 _cBOOK
980 _aNB